000 004950000a22001690004500
041 0 _aSPA
082 0 4 _aG 269 C2159m
100 1 _aCanclini, Arnoldo
245 1 0 _aMisión para el siglo XX. Billy Graham : Sus amigos, sus métodos, sus resultados / Arnoldo Canclini
260 _aBuenos Aires, Argentina : Junta Bautista
300 _a162 Pag
001 8061
942 _cBK
999 _c38258
_d38258
336 _atexto
_btxt
_2rdacontent
337 _2rdamedia
_asin mediación
_bn
338 _2rdacarrier
_avolumen
_bnc